Macmillan dictionary of energy

Saved in:
Bibliographic Details
Other Authors: Slesser, Malcolm (Editor)
Format: Book
Language:English
Published: London : Macmillan, 1982
Subjects:
Tags: Add Tag
No Tags, Be the first to tag this record!

MARC

LEADER 00000nam a2200000 i 4500
001 1/70554
008 960709s1982 eng d
020 |a 0-333-36867-3 
035 |l 10002551 
040 |a GR-MY-UA  |b gre  |e aacr 
041 0 |a eng 
082 0 |a 333.7903 
245 1 0 |a Macmillan dictionary of energy /  |c edited by Malcolm Slesser 
260 |a London :   |b Macmillan,   |c 1982 
300 |a 299 p. 
650 0 0 |a Power resources  |x Dictionaries. 
700 1 |a Slesser, Malcolm.  |4 edt 
852 |a INST  |b LESVOS  |e 19960709  |h 333.7903 MAC  |p 005100009636  |q 005100009636  |t REF  |y 23 
852 |a INST  |b LESVOS  |e 19960709  |h 333.7903 MAC  |p 005100009637  |q 005100009637  |t REF  |y 23 
909 |a Λ  |b 01708